[Event "Junior Online 4NCL Division 4"]
[Site "online"]
[Date "2021.09.16"]
[EventDate "2021.09.16"]
[Round "3.56"]
[White "Dafydd, Cai"]
[WhiteElo "843"]
[WhiteTeam "Young Dragons D"]
[Black "Scola, George"]
[BlackElo "1300"]
[BlackTeam "KEGS B"]
[Result "0-1"]
[PlyCount "42"]

1. e4 c5 2. Qh5 e6 3. Nf3 Nf6 4. Qe5 Nc6 5. Qc3 Nxe4 6. Qd3 d5 7. Qb5 a6 8. Qb3 c4 9. Qa4 b5 10. Qxb5 axb5 11. Ne5 Nxe5 12. Bxc4 dxc4 13. Nc3 Nxc3 14. bxc3 Bb7 15. Rb1 Qd5 16. Rxb5 Qxb5 17. a4 Qd5 18. Ba3 Bxa3 19. a5 Nd3+ 20. Ke2 Qe4+ 21. Kd1 Nxf2# 0-1

[Event "Junior Online 4NCL Division 4"]
[Site "online"]
[Date "2021.09.16"]
[EventDate "2021.09.16"]
[Round "3.61"]
[White "Nikolov, Alexander"]
[WhiteElo "1396"]
[WhiteTeam "Desert Penguins Neptune"]
[Black "Ganeshbabu, Adarsharun"]
[BlackElo "1681"]
[BlackTeam "Crowthorne Juniors"]
[Result "0-1"]
[PlyCount "116"]

1. d4 Nf6 2. c4 g6 3. Nc3 d5 4. cxd5 Nxd5 5. Nxd5 Qxd5 6. Bf4 Bg7 7. e3 c5 8. Nf3 Nc6 9. Bb5 O-O 10. Bxc6 bxc6 11. O-O Bg4 12. h3 Bxf3 13. Qxf3 Qxf3 14. gxf3 cxd4 15. exd4 Bxd4 16. Rab1 e5 17. Be3 c5 18. b3 Rab8 19. Rfd1 a5 20. Rbc1 Rfc8 21. Rc4 Rb4 22. Rxb4 axb4 23. Rc1 Ra8 24. Rc2 f5 25. f4 exf4 26. Bxf4 Re8 27. Kg2 Kf7 28. Bd6 h5 29. Bxc5 Rc8 30. a3 Rxc5 31. Rxc5 Bxc5 32. axb4 Bxb4 33. Kf3 g5 34. Kg3 Ke6 35. h4 Bd6+ 36. Kh3 g4+ 37. Kg2 f4 38. f3 Be7 39. fxg4 hxg4 40. h5 Bh4 41. b4 f3+ 42. Kf1 g3 43. Kg1 g2 44. h6 Kf7 45. b5 Bd8 46. Kf2 Bb6+ 47. Kxf3 g1=Q 48. h7 Kg7 49. h8=Q+ Kxh8 50. Ke4 Qc5 51. Kd3 Qxb5+ 52. Ke4 Qc4+ 53. Kf3 Qe6 54. Kf4 Kg7 55. Kg5 Qe4 56. Kh5 Qg2 57. Kh4 Bd8+ 58. Kh5 Qg5# 0-1

[Event "Junior Online 4NCL Division 4"]
[Site "online"]
[Date "2021.09.16"]
[EventDate "2021.09.16"]
[Round "3.62"]
[White "Adhikari, Aanya"]
[WhiteElo "1140"]
[WhiteTeam "Crowthorne Juniors"]
[Black "Turakulov, Farid"]
[BlackElo "1361"]
[BlackTeam "Desert Penguins Neptune"]
[Result "0-1"]
[PlyCount "86"]

1. e4 e5 2. Nf3 Nc6 3. d4 exd4 4. Nxd4 Bb4+ 5. Nc3 Nxd4 6. Qxd4 Bxc3+ 7. Qxc3 Qh4 8. Bd3 Nf6 9. e5 Ng4 10. g3 Qh3 11. Bf1 Qh5 12. Bf4 c6 13. O-O-O Nxf2 14. Qd2 Nxd1 15. Qxd1 Qxd1+ 16. Kxd1 O-O 17. Bd3 b5 18. Be4 Ba6 19. h4 b4 20. b3 Bb5 21. g4 a5 22. a4 bxa3 23. Kc1 a4 24. b4 a2 25. Kb2 Bc4 26. Kc3 Be6 27. g5 Rfc8 28. h5 Rab8 29. g6 fxg6 30. hxg6 h6 31. Ra1 c5 32. Kd3 Rxb4 33. Ke3 Rb1 34. Rxb1 axb1=Q 35. c4 Qe1+ 36. Kd3 Bxc4+ 37. Kxc4 Qxe4+ 38. Kc3 Rb8 39. Bh2 Rb3+ 40. Kd2 Qe3+ 41. Kc2 Qd3+ 42. Kc1 Rc3+ 43. Kb2 Qd2+ 0-1

[Event "Junior Online 4NCL Division 4"]
[Site "online"]
[Date "2021.09.16"]
[EventDate "2021.09.16"]
[Round "3.63"]
[White "Donati Plutino, Francesco Rodolfo"]
[WhiteElo "1074"]
[WhiteTeam "Desert Penguins Neptune"]
[Black "Pahwa, Aarav"]
[BlackElo "1200"]
[BlackTeam "Crowthorne Juniors"]
[Result "1-0"]
[PlyCount "65"]

1. d4 d5 2. c4 dxc4 3. Bf4 Nc6 4. e3 e6 5. Bxc4 Bb4+ 6. Nc3 Bxc3+ 7. bxc3 Nf6 8. Rb1 e5 9. dxe5 Qxd1+ 10. Rxd1 Ne4 11. Bd5 Nxc3 12. Rd3 Nxd5 13. Rxd5 Be6 14. Rd1 Bxa2 15. Nf3 Bd5 16. O-O Bxf3 17. gxf3 h5 18. Kh1 h4 19. Rg1 h3 20. Rxg7 Ne7 21. Rc1 Nd5 22. Rb1 Nb6 23. e4 Rf8 24. Rc1 O-O-O 25. e6 fxe6 26. Rgxc7+ Kb8 27. Bh6 Rxf3 28. Bg5 Rc8 29. Bd8 Rxd8 30. Rg7 Rxf2 31. Kg1 Rdd2 32. Rg8+ Nc8 33. Rgxc8# 1-0

[Event "Junior Online 4NCL Division 4"]
[Site "online"]
[Date "2021.09.16"]
[EventDate "2021.09.16"]
[Round "3.65"]
[White "Ganeshbabu, Adarsharun"]
[WhiteElo "1681"]
[WhiteTeam "Crowthorne Juniors"]
[Black "Nikolov, Alexander"]
[BlackElo "1396"]
[BlackTeam "Desert Penguins Neptune"]
[Result "1-0"]
[PlyCount "61"]

1. e4 c5 2. Nf3 d6 3. d4 cxd4 4. Nxd4 Nf6 5. Nc3 e6 6. Be3 Be7 7. f3 O-O 8. Qd2 Nbd7 9. O-O-O a6 10. g4 Ne5 11. g5 Nfd7 12. f4 Ng4 13. Bg1 e5 14. Nf5 exf4 15. h4 f3 16. Nd5 Bf6 17. gxf6 Ndxf6 18. Bb6 Qe8 19. Qg5 Bxf5 20. exf5 Nxd5 21. Rxd5 Nf6 22. Rg1 g6 23. Qxf6 Qe1+ 24. Rd1 f2 25. Bd4 Qe5 26. Bxe5 dxe5 27. h5 fxg1=Q 28. fxg6 fxg6 29. Bc4+ Rf7 30. Qxf7+ Kh8 31. Qf6# 1-0

[Event "Junior Online 4NCL Division 4"]
[Site "online"]
[Date "2021.09.16"]
[EventDate "2021.09.16"]
[Round "3.66"]
[White "Turakulov, Farid"]
[WhiteElo "1361"]
[WhiteTeam "Desert Penguins Neptune"]
[Black "Adhikari, Aanya"]
[BlackElo "1140"]
[BlackTeam "Crowthorne Juniors"]
[Result "0-1"]
[PlyCount "46"]

1. e4 e5 2. Nf3 Nc6 3. Bc4 Nf6 4. Ng5 d5 5. exd5 Na5 6. d3 Nxc4 7. dxc4 h6 8. Nf3 e4 9. Nd4 Bg4 10. f3 exf3 11. Nxf3 Qe7+ 12. Qe2 Qxe2+ 13. Kxe2 Bc5 14. Be3 Bd6 15. Nd2 O-O 16. Kf2 Rfe8 17. Bd4 Re7 18. Bxf6 gxf6 19. Rhe1 Rae8 20. Rxe7 Rxe7 21. h3 Bc5+ 22. Kf1 Bf5 23. c3 Bd3# 0-1

[Event "Junior Online 4NCL Division 4"]
[Site "online"]
[Date "2021.09.16"]
[EventDate "2021.09.16"]
[Round "3.67"]
[White "Pahwa, Aarav"]
[WhiteElo "1200"]
[WhiteTeam "Crowthorne Juniors"]
[Black "Donati Plutino, Francesco Rodolfo"]
[BlackElo "1074"]
[BlackTeam "Desert Penguins Neptune"]
[Result "0-1"]
[PlyCount "80"]

1. e4 c5 2. Nf3 d6 3. Nc3 e6 4. d4 cxd4 5. Nxd4 Nf6 6. Bf4 Be7 7. Bc4 O-O 8. Qf3 Qc7 9. b3 Bd7 10. O-O-O Nc6 11. Nxc6 Bxc6 12. Rhe1 Rad8 13. e5 Bxf3 14. gxf3 Nh5 15. exd6 Bxd6 16. Bxd6 Rxd6 17. Nb5 Qc5 18. Nxd6 Qa3+ 19. Kb1 g6 20. Nxb7 Rb8 21. Rd7 Qb4 22. Rd8+ Rxd8 23. Nxd8 Kg7 24. Rd1 a5 25. Nc6 Qc5 26. Nd4 Qb6 27. Bb5 Qc5 28. Bc6 e5 29. Nf5+ Kf6 30. Ne3 Qxc6 31. Ng4+ Kg7 32. Nxe5 Qc5 33. Nd7 Qb4 34. Ne5 a4 35. Nd3 Qb5 36. c4 Qb6 37. c5 Qb5 38. b4 a3 39. Ne5 Qe2 40. Rd5 Qb2# 0-1

[Event "Junior Online 4NCL Division 4"]
[Site "online"]
[Date "2021.09.16"]
[EventDate "2021.09.16"]
[Round "3.71"]
[White "Mukherjee, Aradhya"]
[WhiteElo "1337"]
[WhiteTeam "Wanstead Warriors 2"]
[Black "Elsabbagh, Ahmed"]
[BlackElo "1123"]
[BlackTeam "Leeds Juniors 4"]
[Result "0-1"]
[PlyCount "46"]

1. e4 e6 2. c4 d5 3. cxd5 exd5 4. Qb3 dxe4 5. Bc4 Qe7 6. Nc3 Nf6 7. Nge2 Nbd7 8. Nb5 Nc5 9. Qg3 Nd3+ 10. Bxd3 exd3 11. Qxd3 c6 12. Nc3 Bg4 13. O-O Bxe2 14. Qxe2 Qxe2 15. Nxe2 O-O-O 16. f3 Bc5+ 17. Kh1 Rhe8 18. Ng3 Bb6 19. h4 h6 20. Rd1 g5 21. hxg5 hxg5 22. d4 Bxd4 23. Bxg5 Rh8+ 0-1

[Event "Junior Online 4NCL Division 4"]
[Site "online"]
[Date "2021.09.16"]
[EventDate "2021.09.16"]
[Round "3.72"]
[White "Bez Birolo, Enzo"]
[WhiteElo "1118"]
[WhiteTeam "Leeds Juniors 4"]
[Black "Bedi, Adarsh"]
[BlackElo "1365"]
[BlackTeam "Wanstead Warriors 2"]
[Result "0-1"]
[PlyCount "72"]

1. Nf3 Nc6 2. d4 d5 3. Bf4 Nf6 4. e3 Bg4 5. Be2 e6 6. Nc3 Bb4 7. Qd3 Bf5 8. Qd2 Ne4 9. Qc1 Nxc3 10. O-O Nxe2+ 11. Kh1 Nxc1 12. Raxc1 O-O 13. c3 Bd6 14. Bxd6 Qxd6 15. Ng5 h6 16. Nf3 Be4 17. Nd2 e5 18. f3 Bf5 19. e4 dxe4 20. fxe4 Bg6 21. Nc4 Qd7 22. Rce1 f6 23. Rd1 Rad8 24. Ne3 Bxe4 25. dxe5 Qe6 26. exf6 Rxd1 27. Rxd1 Rxf6 28. h3 Qxh3+ 29. Kg1 Qxe3+ 30. Kh2 Qf4+ 31. g3 Qf2+ 32. Kh3 Bg2+ 33. Kg4 Rg6+ 34. Kh5 Qxg3 35. Rd5 Rg5+ 36. Rxg5 Qxg5# 0-1

[Event "Junior Online 4NCL Division 4"]
[Site "online"]
[Date "2021.09.16"]
[EventDate "2021.09.16"]
[Round "3.74"]
[White "Vyas, Miraya"]
[WhiteElo "1053"]
[WhiteTeam "Leeds Juniors 4"]
[Black "Quin, Wilder"]
[BlackElo "1227"]
[BlackTeam "Wanstead Warriors 2"]
[Result "1-0"]
[PlyCount "39"]

1. e4 e6 2. Nf3 d5 3. e5 c5 4. d4 Nc6 5. c3 Qb6 6. Be3 Qxb2 7. Nbd2 Qxc3 8. Rc1 Qa5 9. dxc5 Qxa2 10. Rc2 Qa5 11. Bd3 Nh6 12. O-O Be7 13. Bxh6 gxh6 14. Qe2 Bxc5 15. Nb3 Bxf2+ 16. Rxf2 Qc7 17. Qe3 h5 18. Ng5 Nxe5 19. Rxc7 Ng4 20. Qf4 1-0

[Event "Junior Online 4NCL Division 4"]
[Site "online"]
[Date "2021.09.16"]
[EventDate "2021.09.16"]
[Round "3.75"]
[White "Elsabbagh, Ahmed"]
[WhiteElo "1123"]
[WhiteTeam "Leeds Juniors 4"]
[Black "Mukherjee, Aradhya"]
[BlackElo "1337"]
[BlackTeam "Wanstead Warriors 2"]
[Result "1-0"]
[PlyCount "53"]

1. e4 e5 2. Nf3 Nf6 3. Nxe5 Nc6 4. Nxc6 dxc6 5. Nc3 Bc5 6. Qe2 h5 7. h3 b5 8. a3 a5 9. d3 Ba6 10. Be3 Bd6 11. Qd2 Qe7 12. Be2 O-O-O 13. O-O Qe5 14. f4 Qe6 15. e5 Bxe5 16. fxe5 Qxe5 17. Bf4 Qc5+ 18. Kh1 Kb7 19. Bf3 Ng4 20. Bxg4 hxg4 21. Ne4 Qb6 22. b4 a4 23. Be3 c5 24. Nxc5+ Kc8 25. Rxf7 Bb7 26. Nxb7 Kxb7 27. Bxb6 1-0

[Event "Junior Online 4NCL Division 4"]
[Site "online"]
[Date "2021.09.16"]
[EventDate "2021.09.16"]
[Round "3.76"]
[White "Bedi, Adarsh"]
[WhiteElo "1365"]
[WhiteTeam "Wanstead Warriors 2"]
[Black "Bez Birolo, Enzo"]
[BlackElo "1118"]
[BlackTeam "Leeds Juniors 4"]
[Result "1/2-1/2"]
[PlyCount "195"]

1. e4 c6 2. d4 d5 3. exd5 cxd5 4. Nc3 Bf5 5. Bf4 e6 6. Nf3 Bd6 7. Bxd6 Qxd6 8. Nb5 Qd8 9. Bd3 a6 10. Bxf5 exf5 11. Qe2+ Ne7 12. Nc3 O-O 13. O-O Qb6 14. Qxe7 Qxb2 15. Nxd5 Nc6 16. Qe3 Nb4 17. Nxb4 Qxb4 18. Nh4 Qb5 19. Rab1 Qd5 20. Qb3 Qxd4 21. Nxf5 Qf6 22. Ne3 b5 23. Nd5 Qd6 24. Ne3 h5 25. Nf5 Qf6 26. Ne3 Qc6 27. Qd5 Qg6 28. Nf5 Qf6 29. Rb3 Rad8 30. Qf3 g6 31. Nh6+ Kg7 32. Qxf6+ Kxf6 33. g4 Kg5 34. gxh5 Kxh6 35. hxg6 Kxg6 36. Kh1 Rg8 37. Rg1+ Kf6 38. Rxg8 Rxg8 39. Rf3+ Ke7 40. Re3+ Kd6 41. Rd3+ Kc5 42. Rg3 Re8 43. Rg5+ Kd4 44. Kg2 Ke4 45. Rg3 Rc8 46. Re3+ Kf5 47. Rf3+ Ke6 48. Re3+ Kf6 49. Rf3+ Kg7 50. Rg3+ Kf8 51. c3 a5 52. Rh3 Ke7 53. Re3+ Kf8 54. f4 b4 55. Rh3 Ke7 56. cxb4 axb4 57. Re3+ Kf8 58. Re2 Rc3 59. h4 Kg7 60. Kf2 Kh6 61. Re3 Rc2+ 62. Re2 Rc3 63. Kf1 Rf3+ 64. Rf2 Rc3 65. Ke2 Kh5 66. Kd1 Kxh4 67. Rh2+ Kg3 68. Rb2 Rc4 69. Rb3+ Kxf4 70. Rb2 Kg5 71. Rg2+ Kf6 72. Rf2+ Ke7 73. Kd2 f6 74. Kd3 Rh4 75. Kc2 Rh3 76. Re2+ Kf7 77. Rf2 Kg6 78. Rg2+ Kh5 79. Rf2 Kg6 80. Rg2+ Kf7 81. Rf2 Rc3+ 82. Kb2 Rc6 83. Kb3 Rb6 84. a4 bxa3+ 85. Kxa3 Rb5 86. Ka4 Rh5 87. Kb4 Kg6 88. Kc4 f5 89. Kd4 Rh4+ 90. Ke5 Rh5 91. Rg2+ Rg5 92. Rf2 Rh5 93. Rg2+ Kf7 94. Rf2 Kg6 95. Rg2+ Rg5 96. Rf2 Rh5 97. Rg2+ Rg5 98. Rf2 1/2-1/2

[Event "Junior Online 4NCL Division 4"]
[Site "online"]
[Date "2021.09.16"]
[EventDate "2021.09.16"]
[Round "3.78"]
[White "Quin, Wilder"]
[WhiteElo "1227"]
[WhiteTeam "Wanstead Warriors 2"]
[Black "Vyas, Miraya"]
[BlackElo "1053"]
[BlackTeam "Leeds Juniors 4"]
[Result "0-1"]
[PlyCount "122"]

1. e4 e5 2. Nc3 Nf6 3. f4 exf4 4. e5 Ng8 5. Nf3 d6 6. d4 dxe5 7. Nxe5 Bd6 8. Nc4 Nf6 9. Nxd6+ Qxd6 10. Qe2+ Qe6 11. Qxe6+ Bxe6 12. Bxf4 O-O 13. Bxc7 Nc6 14. Be5 Nxe5 15. dxe5 Nd5 16. Nxd5 Bxd5 17. Bd3 Rfe8 18. O-O Rxe5 19. Rae1 Rg5 20. g3 h6 21. Re2 Bxa2 22. Rfe1 g6 23. b3 Rd8 24. Re8+ Rxe8 25. Rxe8+ Kg7 26. Ra8 Bb1 27. Rxa7 Rc5 28. Rxb7 Bxc2 29. Bxc2 Rxc2 30. Ra7 Rc1+ 31. Kf2 Rc2+ 32. Kg1 Rb2 33. Ra3 Rb1+ 34. Kg2 Rb2+ 35. Kh3 Rd2 36. b4 Rd5 37. Rb3 Rh5+ 38. Kg2 f5 39. b5 g5 40. b6 f4 41. g4 Rh4 42. h3 h5 43. b7 hxg4 44. hxg4 Rxg4+ 45. Kf3 Rg3+ 46. Ke4 Rxb3 47. Kf5 Rxb7 48. Kxg5 Rb4 49. Kg4 Kf6 50. Kf3 Kg5 51. Kg2 Rb5 52. Kf3 Rf5 53. Ke4 f3 54. Ke3 f2 55. Ke4 f1=Q 56. Kd4 Rf7 57. Ke5 Re7+ 58. Kd5 Qd1+ 59. Kc4 Rc7+ 60. Kb5 Qb1+ 61. Ka5 Ra7# 0-1

[Event "Junior Online 4NCL Division 4"]
[Site "online"]
[Date "2021.09.16"]
[EventDate "2021.09.16"]
[Round "3.81"]
[White "Milani-Foglia, Aurelio"]
[WhiteElo "1128"]
[WhiteTeam "Edgware Gambits F"]
[Black "Chapple, Robin"]
[BlackElo "1048"]
[BlackTeam "Surrey Kings 3"]
[Result "0-1"]
[PlyCount "102"]

1. e4 c6 2. d4 d5 3. Nc3 dxe4 4. Nxe4 Bf5 5. Nc3 Nf6 6. Nf3 Nbd7 7. Bc4 e6 8. O-O Bd6 9. Bg5 h6 10. Bh4 O-O 11. Re1 Qb6 12. Qd2 Rfe8 13. Bxf6 Nxf6 14. Bb3 Nd5 15. Nxd5 exd5 16. Rad1 a5 17. a4 Qc7 18. Re2 Bg4 19. Rxe8+ Rxe8 20. Ne5 Bxd1 21. Qxd1 Bxe5 22. dxe5 Qxe5 23. g3 Qe1+ 24. Qxe1 Rxe1+ 25. Kg2 Rb1 26. Kf3 Rxb2 27. Kf4 Kf8 28. Ke5 Ke7 29. f4 Rb1 30. Kf5 Rh1 31. h4 Rh3 32. Kg4 Rh1 33. f5 Kf6 34. Kf4 Rf1+ 35. Kg4 Rxf5 36. Kh3 g5 37. g4 Rf3+ 38. Kg2 Rf4 39. Kg3 Kg6 40. h5+ Kg7 41. c3 f5 42. Bc2 Rxg4+ 43. Kf3 f4 44. Bg6 Rg3+ 45. Kf2 Rxc3 46. Be8 Ra3 47. Bg6 Rxa4 48. Bc2 Ra2 49. Kf3 Rxc2 50. Kg4 Rg2+ 51. Kf3 a4 0-1

[Event "Junior Online 4NCL Division 4"]
[Site "online"]
[Date "2021.09.16"]
[EventDate "2021.09.16"]
[Round "3.82"]
[White "Arora, Bukkan"]
[WhiteElo "1022"]
[WhiteTeam "Surrey Kings 3"]
[Black "Szajman, Adam"]
[BlackElo "1048"]
[BlackTeam "Edgware Gambits F"]
[Result "1-0"]
[PlyCount "39"]

1. d4 e6 2. e4 d5 3. exd5 exd5 4. Nc3 Nf6 5. Bf4 Nc6 6. Nb5 Bd6 7. Bxd6 cxd6 8. Bd3 a6 9. Nc3 Nxd4 10. Qd2 Qe7+ 11. Nge2 O-O 12. Bxh7+ Nxh7 13. Qxd4 Qe5 14. O-O-O Be6 15. Rhe1 Qxh2 16. Nf4 Qh4 17. Nfxd5 Qxd4 18. Rxd4 Ng5 19. Ne7+ Kh7 20. Rh4# 1-0

[Event "Junior Online 4NCL Division 4"]
[Site "online"]
[Date "2021.09.16"]
[EventDate "2021.09.16"]
[Round "3.83"]
[White "Bengani, Arihant"]
[WhiteElo "1013"]
[WhiteTeam "Edgware Gambits F"]
[Black "Josse, Jack"]
[BlackElo "1106"]
[BlackTeam "Surrey Kings 3"]
[Result "1-0"]
[PlyCount "71"]

1. e4 e5 2. Nf3 Nc6 3. Bc4 Nf6 4. Ng5 d5 5. exd5 Bb4 6. dxc6 h6 7. Nxf7 Qd4 8. Nxh8 Qe4+ 9. Be2 Qxg2 10. Rf1 Ne4 11. Bf3 b6 12. Bxg2 Ba6 13. Rg1 Rd8 14. Bxe4 Bc5 15. Rxg7 Kf8 16. Rg3 Ke7 17. Ng6+ Kd6 18. Qh5 Rf8 19. Nxf8 b5 20. Qxh6+ Ke7 21. Ng6+ Kd8 22. Qf8+ Bxf8 23. Nxf8 Ke8 24. Rf3 b4 25. h4 Bb5 26. h5 a5 27. h6 a4 28. h7 a3 29. bxa3 bxa3 30. Bxa3 Bxc6 31. h8=Q Bxe4 32. Rf6 c5 33. Re6+ Kf7 34. Qf6+ Kg8 35. Re7 c4 36. Qg7# 1-0

[Event "Junior Online 4NCL Division 4"]
[Site "online"]
[Date "2021.09.16"]
[EventDate "2021.09.16"]
[Round "3.84"]
[White "Oâ€™Sullivan, Jack"]
[WhiteElo "978"]
[WhiteTeam "Surrey Kings 3"]
[Black "Illingworth-Law, Oscar"]
[BlackElo "1008"]
[BlackTeam "Edgware Gambits F"]
[Result "1-0"]
[PlyCount "41"]

1. e4 e5 2. Nf3 Nc6 3. Bc4 Be7 4. d4 exd4 5. Nxd4 Nxd4 6. Qxd4 Nf6 7. e5 c5 8. Bxf7+ Kxf7 9. Qc4+ Ke8 10. exf6 Bxf6 11. O-O Qb6 12. Nc3 Be7 13. Re1 Qc6 14. Bg5 d5 15. Rxe7+ Kd8 16. Re6+ Kc7 17. Rxc6+ Kxc6 18. Qxd5+ Kb6 19. Be3 Bg4 20. Qxc5+ Ka6 21. Qb5# 1-0

[Event "Junior Online 4NCL Division 4"]
[Site "online"]
[Date "2021.09.16"]
[EventDate "2021.09.16"]
[Round "3.85"]
[White "Chapple, Robin"]
[WhiteElo "1048"]
[WhiteTeam "Surrey Kings 3"]
[Black "Milani-Foglia, Aurelio"]
[BlackElo "1128"]
[BlackTeam "Edgware Gambits F"]
[Result "1-0"]
[PlyCount "73"]

1. d4 d5 2. c4 c6 3. Nf3 Nf6 4. Nc3 Bf5 5. cxd5 cxd5 6. Bg5 h6 7. Bh4 e6 8. e3 Bb4 9. Qa4+ Nc6 10. Ne5 Bxc3+ 11. bxc3 O-O 12. Nxc6 bxc6 13. Qxc6 Qa5 14. Qc5 Qd8 15. Be2 Be4 16. O-O Re8 17. f3 Bh7 18. Rfd1 a6 19. Bd3 Bxd3 20. Rxd3 Rb8 21. Qa3 Qc8 22. Bxf6 gxf6 23. Rdd1 Qc7 24. e4 dxe4 25. fxe4 Kh7 26. Rdb1 Rxb1+ 27. Rxb1 Rg8 28. Rf1 f5 29. exf5 exf5 30. Rxf5 Qd7 31. Rf2 Qg4 32. Qxa6 Qd1+ 33. Qf1 Qh5 34. Rxf7+ Kh8 35. Rf5 Qh4 36. g3 Qe4 37. Rf4 1-0

[Event "Junior Online 4NCL Division 4"]
[Site "online"]
[Date "2021.09.16"]
[EventDate "2021.09.16"]
[Round "3.86"]
[White "Szajman, Adam"]
[WhiteElo "1048"]
[WhiteTeam "Edgware Gambits F"]
[Black "Arora, Bukkan"]
[BlackElo "1022"]
[BlackTeam "Surrey Kings 3"]
[Result "1-0"]
[PlyCount "53"]

1. d4 d5 2. c4 c6 3. Nf3 Bg4 4. h3 Bxf3 5. exf3 Nd7 6. Nc3 Ngf6 7. Bg5 e6 8. Bd3 h6 9. Bh4 e5 10. cxd5 cxd5 11. Nxd5 Qa5+ 12. Nc3 exd4 13. Qa4 Bb4 14. Qxa5 Bxa5 15. O-O-O dxc3 16. bxc3 O-O-O 17. c4 Ne5 18. Bf5+ Kb8 19. Rxd8+ Rxd8 20. Bxf6 gxf6 21. f4 Bd2+ 22. Kc2 Nxc4 23. Bd3 Bxf4 24. Bxc4 Rd2+ 25. Kc3 Rxf2 26. g4 Rxa2 27. Bxa2 1-0

[Event "Junior Online 4NCL Division 4"]
[Site "online"]
[Date "2021.09.16"]
[EventDate "2021.09.16"]
[Round "3.87"]
[White "Josse, Jack"]
[WhiteElo "1106"]
[WhiteTeam "Surrey Kings 3"]
[Black "Bengani, Arihant"]
[BlackElo "1013"]
[BlackTeam "Edgware Gambits F"]
[Result "1-0"]
[PlyCount "83"]

1. e4 e5 2. d4 exd4 3. Qxd4 Nc6 4. Qc4 d6 5. Nf3 Be6 6. Qc3 Nf6 7. Bb5 Nxe4 8. Bxc6+ bxc6 9. Qxc6+ Qd7 10. Qxa8+ Qd8 11. Qxe4 d5 12. Qa4+ Qd7 13. Qxa7 Bg4 14. Ne5 Qe6 15. Qa4+ Ke7 16. Bg5+ f6 17. Qb4+ Ke8 18. Qb5+ Ke7 19. Bxf6+ gxf6 20. f4 fxe5 21. Nc3 exf4+ 22. Kf2 Kf7 23. Qxd5 Bb4 24. Qb7 Bxc3 25. Qxc7+ Qe7 26. Qc4+ Qe6 27. Qxc3 Qe2+ 28. Kg1 Rd8 29. Qc7+ Rd7 30. Qxf4+ Kg8 31. h3 Bh5 32. h4 Rd1+ 33. Kh2 Rxa1 34. Rxa1 Qxc2 35. Qg5+ Bg6 36. Qd5+ Bf7 37. Qd8+ Kg7 38. Rf1 Bxa2 39. Qd7+ Kh6 40. Rf6+ Kh5 41. Qg7 Bd5 42. Rh6# 1-0

[Event "Junior Online 4NCL Division 4"]
[Site "online"]
[Date "2021.09.16"]
[EventDate "2021.09.16"]
[Round "3.88"]
[White "Illingworth-Law, Oscar"]
[WhiteElo "1008"]
[WhiteTeam "Edgware Gambits F"]
[Black "Oâ€™Sullivan, Jack"]
[BlackElo "978"]
[BlackTeam "Surrey Kings 3"]
[Result "1-0"]
[PlyCount "25"]

1. e4 e6 2. d4 d5 3. e5 c5 4. c3 Nc6 5. Na3 cxd4 6. cxd4 Bxa3 7. bxa3 Qa5+ 8. Bd2 Qxa3 9. Qb1 Nxd4 10. Be3 Nf5 11. Bb5+ Kf8 12. Bc5+ Nge7 13. Bxa3 1-0

[Event "Junior Online 4NCL Division 4"]
[Site "online"]
[Date "2021.09.16"]
[EventDate "2021.09.16"]
[Round "3.91"]
[White "Iyer, Shrinivas"]
[WhiteElo "1000"]
[WhiteTeam "Edgware Gambits G"]
[Black "Van Enckevort, Noah"]
[BlackElo "995"]
[BlackTeam "Brentwood School C"]
[Result "1-0"]
[PlyCount "119"]

1. e4 e5 2. Nf3 d6 3. Bc4 Nf6 4. Nc3 Qd7 5. Bb5 c6 6. Bc4 d5 7. exd5 cxd5 8. Bb5 Nc6 9. Nxe5 Qe6 10. Bxc6+ bxc6 11. d4 Ne4 12. Be3 Qf5 13. Nxc6 Nxc3 14. bxc3 Bb7 15. Nb4 O-O-O 16. Nd3 Qg6 17. O-O f5 18. Ne5 Qa6 19. Nf7 Be7 20. Nxd8 Rxd8 21. Bf4 Bd6 22. Bxd6 Rxd6 23. Re1 Qc6 24. Qf3 g6 25. Qe3 Rd8 26. Qe6+ Qxe6 27. Rxe6 Kd7 28. Rae1 Kc8 29. R6e3 Kc7 30. Rh3 h5 31. Rg3 Rd6 32. Ree3 Bc8 33. Re5 f4 34. Rf3 Rf6 35. Rxd5 Be6 36. Rc5+ Kd6 37. Ra5 Bd5 38. Ra6+ Ke7 39. Rxf6 Kxf6 40. Rxf4+ Kg5 41. g3 Bxa2 42. Kg2 Kh6 43. Rf6 Kg5 44. Rd6 Bb1 45. d5 Bxc2 46. Rd7 Kg4 47. d6 Be4+ 48. Kf1 Kf3 49. Rxa7 Bd3+ 50. Ke1 Kg2 51. d7 Kxh2 52. d8=Q Bf5 53. Qh4+ Bh3 54. g4 Kg2 55. gxh5 gxh5 56. Qxh5 Kh2 57. Re7 Kg2 58. Re3 Kh2 59. Qxh3+ Kg1 60. Rg3# 1-0

[Event "Junior Online 4NCL Division 4"]
[Site "online"]
[Date "2021.09.16"]
[EventDate "2021.09.16"]
[Round "3.92"]
[White "Edinburgh, Christian"]
[WhiteElo "800"]
[WhiteTeam "Brentwood School C"]
[Black "Bagchi, Aadi"]
[BlackElo "1003"]
[BlackTeam "Edgware Gambits G"]
[Result "1-0"]
[PlyCount "23"]

1. e4 e5 2. Nf3 Nc6 3. Nc3 Nf6 4. d4 exd4 5. Nxd4 Bc5 6. Nxc6 bxc6 7. e5 Ng4 8. Qxg4 d6 9. e6 Bxe6 10. Qe4 O-O 11. Bd3 d5 12. Qxh7# 1-0

[Event "Junior Online 4NCL Division 4"]
[Site "online"]
[Date "2021.09.16"]
[EventDate "2021.09.16"]
[Round "3.95"]
[White "Van Enckevort, Noah"]
[WhiteElo "995"]
[WhiteTeam "Brentwood School C"]
[Black "Iyer, Shrinivas"]
[BlackElo "1000"]
[BlackTeam "Edgware Gambits G"]
[Result "1-0"]
[PlyCount "47"]

1. e4 e5 2. Nf3 Nc6 3. Nc3 Nf6 4. d4 exd4 5. Nxd4 Nxd4 6. Qxd4 c5 7. Qc4 Qc7 8. Nd5 Nxd5 9. exd5 Bd6 10. Qe4+ Be5 11. Bf4 O-O 12. Bxe5 Re8 13. Bxc7 Rxe4+ 14. Be2 d6 15. Bxd6 Bg4 16. f3 Bxf3 17. gxf3 Rd4 18. Bxc5 Rxd5 19. Ba3 Rc8 20. O-O Rxc2 21. Rae1 Rg5+ 22. Kf2 Rc6 23. Bb5 Rh6 24. Re8# 1-0

[Event "Junior Online 4NCL Division 4"]
[Site "online"]
[Date "2021.09.16"]
[EventDate "2021.09.16"]
[Round "3.96"]
[White "Bagchi, Aadi"]
[WhiteElo "1003"]
[WhiteTeam "Edgware Gambits G"]
[Black "Edinburgh, Christian"]
[BlackElo "800"]
[BlackTeam "Brentwood School C"]
[Result "1-0"]
[PlyCount "47"]

1. e4 e5 2. Nf3 Nc6 3. Bc4 Nf6 4. Ng5 d5 5. exd5 Nxd5 6. Nxf7 Kxf7 7. Qf3+ Ke8 8. Bxd5 Qxd5 9. Qxd5 Bf5 10. O-O Nb4 11. Qxe5+ Be7 12. Qxf5 Rd8 13. c3 Nc6 14. Re1 Rf8 15. Qg4 Rd6 16. d4 Rg6 17. Qe2 Rf7 18. d5 Nb8 19. Bf4 Rgf6 20. g3 h6 21. Qb5+ Kf8 22. Qxb7 Nd7 23. Qc8+ Bd8 24. Qxd8# 1-0

[Event "Junior Online 4NCL Division 4"]
[Site "online"]
[Date "2021.09.16"]
[EventDate "2021.09.16"]
[Round "3.101"]
[White "Qiu, Calvin"]
[WhiteElo "1228"]
[WhiteTeam "Muswell Hill Knights"]
[Black "Lewis, Tom"]
[BlackElo "900"]
[BlackTeam "Edgware Gambits I"]
[Result "1-0"]
[PlyCount "73"]

1. e4 e5 2. Nf3 Nc6 3. Bc4 Bc5 4. Ng5 Qxg5 5. O-O d5 6. Bxd5 Bh3 7. g3 O-O-O 8. d3 Qg6 9. Re1 Nd4 10. Be3 Qf6 11. c3 Nf3+ 12. Kh1 Bxe3 13. Rxe3 g5 14. Rxf3 Qg6 15. Nd2 Bg4 16. Bxf7 Bxf3+ 17. Qxf3 Rf8 18. Qg4+ Qe6 19. Qxe6+ Kd8 20. Qd5+ Kc8 21. Bxg8 Rfxg8 22. Qxe5 Re8 23. Qxg5 h6 24. Qh5 Ref8 25. Nf3 Rhg8 26. Rf1 Rxf3 27. Qxf3 Rd8 28. Qf5+ Kb8 29. f4 b6 30. e5 Rxd3 31. Qxd3 h5 32. Qd5 h4 33. e6 c6 34. Qxc6 a6 35. e7 Ka7 36. e8=Q hxg3 37. Qea8# 1-0

[Event "Junior Online 4NCL Division 4"]
[Site "online"]
[Date "2021.09.16"]
[EventDate "2021.09.16"]
[Round "3.102"]
[White "Singh, Arjun"]
[WhiteElo "800"]
[WhiteTeam "Edgware Gambits I"]
[Black "Shetty, Ahan"]
[BlackElo "1116"]
[BlackTeam "Muswell Hill Knights"]
[Result "0-1"]
[PlyCount "70"]

1. e4 d5 2. exd5 Qxd5 3. Nc3 Qa5 4. a3 e6 5. b4 Bxb4 6. Bb2 Bd6 7. Qg4 Qe5+ 8. Qe2 Qxe2+ 9. Ngxe2 Nf6 10. Nd4 O-O 11. Bc4 Be5 12. Ncb5 c6 13. Nxe6 Bxe6 14. Bxe6 Bxb2 15. Nc7 Bxa1 16. Nxa8 fxe6 17. O-O Bb2 18. Nc7 Bxa3 19. Nxe6 Re8 20. Re1 Bb4 21. c3 Ba5 22. Re5 Nbd7 23. Rxa5 Rxe6 24. Kf1 Ne5 25. f3 Nd3 26. g4 Re1+ 27. Kg2 Re2+ 28. Kg3 Rxd2 29. Rxa7 Rc2 30. Rxb7 Rxc3 31. Rb8+ Kf7 32. Rb7+ Kg6 33. h4 Ne4+ 34. Kg2 Rc2+ 35. Kh3 Nf4# 0-1